Score 0/30 Timer 03:00
0 Plays Today
% Correct
Next
97.5%
Sherlock
91%
Wild
90.2%
Snakes
89.7%
Jane
89.4%
Go
88.5%
House
86.5%
Time
85.2%
That
84.8%
Spice
82.4%
Best
75.2%
Alone
75.1%
Earp
74.1%
Lies
73.3%
Paris
71.1%
% Correct
Crashers
67.7%
Famous
65.3%
Road
64.2%
It
62.2%
Finding
51.7%
Man
51.6%
Old
46.7%
Hard
36.1%
Red
31.8%
Whale
30.9%
Paddle
25.4%
Girl
20.3%
American
14.2%
Rome
13.7%
People
12.2%

Today's Daily Dose

Word Ladder
Manners?

Quick Pick
Bat and Ball

Get the Picture
Disney Villains VI

You're not logged in!

Compare scores with friends on all Sporcle quizzes.
OR
Log In

Sporcle TV

Today on Sporcle TV


Watch our educational content, quiz creation guides, and fun videos on Sporcle TV.

Show Comments

Extras

Top Quizzes Today


Score Distribution

Paid Content

Your Account Isn't Verified!

In order to create a playlist on Sporcle, you need to verify the email address you used during registration. Go to your Sporcle Settings to finish the process.

Report this User

Report this user for behavior that violates our Community Guidelines.

Details: